00450 2200181 4500001002100000005001500021008004100036035002000077082000800097084001400105100001700119245004700136250000600183260004200189300001100231650001400242990001200256INLIS00000000000021620240502022858240502 0 ind  a0010-0424000192 a600 a600 SRI p aWinardi, Sri1 aPupuk Dan Pestisida Organik /cSri Winardi a1 aJakarta :bPustaka Tiga Kelana,c2013 a76 hlm 4aNon Fiksi a0732438